| 000 | 00353nam a22001337a 4500 | ||
|---|---|---|---|
| 082 |
_a894.812 _bBAL/V |
||
| 100 | _aBALAKRISHNAN, AMBADY | ||
| 245 | _aVIVEKANADASOOKTHANGAL - QUOTES | ||
| 246 |
_aVIVEKANADASOOKTHANGAL - QUOTES _bVIVEKANADASOOKTHANGAL - QUOTES |
||
| 260 |
_aINDIA _bH & C _c2015 |
||
| 300 | _a64 | ||
| 650 | _aMALAYALAM QUOTES | ||
| 942 | _cBK | ||
| 999 |
_c8900 _d8900 |
||